Modelovanie systému riadenia VHJ a podniku v podmienkach automatizácie riadenia čiastková úloha SPEV 903-533-201/10

Gespeichert in:
Bibliographische Detailangaben
Format: Buch
Sprache:Slowakisch
Veröffentlicht: Bratislava Vysoká škola ekonomická 1983
Tags: Tag hinzufügen
Keine Tags, Fügen Sie das erste Tag hinzu!

MARC

LEADER 00000nam a2200000 4500
001 c134759
005 20250709071145.8
041 0 |a slo 
044 |a SK 
245 1 0 |a Modelovanie systému riadenia VHJ a podniku v podmienkach automatizácie riadenia  |b čiastková úloha SPEV 903-533-201/10 
264 1 |a Bratislava  |b Vysoká škola ekonomická  |c 1983 
300 |a 32 s.